| 000 | 00667nam a2200193 a 4500 | ||
|---|---|---|---|
| 001 | BRCA_9 | ||
| 005 | 20190320202836.0 | ||
| 008 | 941222s1991 mx-a---###---#000-0#spa-# | ||
| 020 | _a9683622151 | ||
| 040 |
_aDLC _cDLC _dDLC |
||
| 050 | 4 |
_aZ210 _b.T67 1991 |
|
| 100 | 1 |
_aMedina, José Toribio _d1852-1930 _946 |
|
| 245 | 1 | 0 |
_aLa imprenta en Oaxaca, Guadalajara, Veracruz, Mérida y varios lugares _b1720-1820 _cJosé Toribio Medina. |
| 260 |
_aMéxico _bUNAM, Instituto de Investigaciones Bibliográficas _c1991 |
||
| 300 |
_a116 p. _bil. _c28 cm. |
||
| 500 | _aFacsímil de: Santiago de Chile, 1904 | ||
| 650 | 1 | 4 |
_aImprenta _xHistoria _ySiglo XVIII _zMéxico _947 |
| 942 |
_2lcc _cB |
||
| 999 |
_c9 _d9 |
||